Đến với Nguyễn Tuân Tác phẩm tiêu biểu và lời bình
NV Văn học Việt Nam hiện đại 1 (1900 - 1945)
Shranjeno v:
| Glavni avtor: | |
|---|---|
| Format: | Knjiga |
| Jezik: | Undetermined |
| Izdano: |
H.
Thanh niên
2005
|
| Teme: | |
| Online dostop: | http://lrc.tdmu.edu.vn/opac/search/detail.asp?aID=2&ID=3313 |
| Oznake: |
Označite
Brez oznak, prvi označite!
|
| Thư viện lưu trữ: | Trung tâm Học liệu Trường Đại học Thủ Dầu Một |
|---|
| LEADER | 00918nam a2200217Ia 4500 | ||
|---|---|---|---|
| 001 | TDMU_3313 | ||
| 008 | 210410s9999 xx 000 0 und d | ||
| 082 | |a 895.92231 009 | ||
| 090 | |b NG450 | ||
| 100 | |a Ngô, Viết Dinh | ||
| 245 | 0 | |a Đến với Nguyễn Tuân | |
| 245 | 0 | |b Tác phẩm tiêu biểu và lời bình | |
| 245 | 0 | |c Ngô Viết Dinh tuyển chọn và biên tập | |
| 260 | |a H. | ||
| 260 | |b Thanh niên | ||
| 260 | |c 2005 | ||
| 300 | |a 498tr. | ||
| 520 | |a NV Văn học Việt Nam hiện đại 1 (1900 - 1945) | ||
| 650 | |a Truyện ngắn Việt Nam |x Phê bình; Văn học Việt Nam |x Truyện ngắn |x Phê bình; Tác gia văn học |x Nguyễn Tuân; Nguyễn, Tuân |x Tác phẩm | ||
| 856 | |u http://lrc.tdmu.edu.vn/opac/search/detail.asp?aID=2&ID=3313 | ||
| 980 | |a Trung tâm Học liệu Trường Đại học Thủ Dầu Một | ||